000 00813nac a22002417a 4500
001 BR8108911
003 BR-BrBNA
005 20240105115159.0
008 230509b bl.|||m| |||| 00| 0 por d
040 _aBR-BrBNA
_bpor
_cBiblioteca Nacional de Agricultura
072 _aN20
090 _a4650 BR8108911
110 1 _aServico Nacional de Formacao Profissional Rural, Brasilia, DF (Brasil)
_99371
245 1 _aOperador de polvilhadeira. Polvilhadeira costal
260 3 _aBrasilia, DF (Brasil):
_c1981.
300 _a13 p.
490 _aSerie Treinamento Rural - Servico Nacional de Formacao Profissional Rural (Brazil)
_vno. 11
_x
650 _aTECNOLOGIA APROPRIADA
650 _aINSETICIDA
650 _aEQUIPAMENTO RURAL
909 _a202312
_bLúcia Elande
_c55
_dLúcia Elande
942 _2AGRIS
_n0
_cMS
999 _c273521
_d273521